000 06491namaa22004451i 4500
003 EG-GICUC
005 20260422162714.0
008 260422s2025 ua a|||frm||| 000 0 eng d
040 _aEG-GICUC
_beng
_cEG-GICUC
_dEG-GICUC
_erda
041 0 _aeng
_beng
_bara
049 _aDeposit
082 0 4 _a615.82
092 _a615.82
_221
097 _aM.Sc
099 _aCai01.21.03.M.Sc.2025.Ze.I
100 0 _aZeinab Yousri Hafez Abdula,
_epreparation.
245 1 0 _aIsokinetic assessment of calf muscle performance in patients with knee osteoarthritis /
_cby Zeinab Yousri Hafez Abdula ; Supervisors Dr. Nadia Abd Elazeem Fayaz, Dr. Nasr Awad Abdelkader, Dr. Dina Sayed Abd Allah.
246 1 5 _aتقييم الايزوكينيتك لأداء عضلات الساق لمرضى خشونة الركبه
264 0 _c2025.
300 _a72 pages :
_billustrations ;
_c25 cm. +
_eCD.
336 _atext
_2rda content
337 _aUnmediated
_2rdamedia
338 _avolume
_2rdacarrier
502 _aThesis (M.Sc)-Cairo University, 2025.
504 _aBibliography: pages 53-68.
520 3 _aBackground: Knee osteoarthritis (KOA) is a prevalent progressive degenerative disorder, with rising prevalence throughout age. It is thought to be a contributing factor in knee discomfort and functional impairment. Purpose: This study was conducted to identify if there are any differences in calf muscle performance in terms of muscle girth, isometric peak torque and isokinetic parameters ( peak torque, total work and power) in patients with knee osteoarthritis and matched control volunteers. Methods: Twenty-four male and female patients were diagnosed & referred with unilateral KOA and 24 other control matched volunteers participated in this study. Their ages ranged from 40 to 65 years and their body mass indexes ranged from 18.5 kg/m2 to 28.7 kg/m2. They all were assessed and compared for muscle girth, isokinetic concentric peak torque, isokinetic eccentric peak torque, isokinetic concentric total work, isokinetic eccentric total work, isokinetic concentric power average, isokinetic eccentric power average, isometric peak torque between the affected unilateral KOA patients and the control matched volunteers. Results: There are no significant differences in terms of muscle girth and isokinetic concentric total work (p > 0.05), while there are significant differences in terms of isokinetic concentric peak torque, isokinetic eccentric peak torque, isokinetic eccentric total work, isokinetic concentric power, isokinetic eccentric power, and isometric peak torque (p ≤ 0.05). Conclusions: Based on the scope and findings of this study, it was concluded that there were no significant differences in terms of muscle girth and isokinetic concentric total work while there were significant differences in terms of isokinetic concentric peak torque, isokinetic eccentric peak torque, isokinetic eccentric total work, isokinetic concentric power, isokinetic eccentric power, and isometric peak torque between the affected unilateral KOA patients and the control matched volunteers.
520 3 _aالخلفية: خشونة الركبة اضطراب شائع بين المرضى بمعدل حروث متزايد مع تقدم العمر. ينتج عنه عدم راحة واختلال في وظائف الركبة. الهدف: تهدف هذه الدراسة إلى التعرف على هل توجد اختلافات بين عضلة السمانة في الناحية المتأثرة لمرضى خشونة الركبة بالمقارنة مع الضابطين المتطوعين الأصحاء المتطابقين مع أعمارهم في محيط العضلة، والتقييم الأيزوكينيتكوالأيزوميتريك. العينة والطرق: ضمت هذه الدراسة أربعة وعشرون مريضاً وأربعة وعشرون من الضابطين المتطوعين الأصحاء المتطابقين مع أعمارهم من كلا الجنسين. تراوحت أعمارهم بين 40 إلى 65 عاماً، ومؤشر كتلة الجسم بين 18.5 و28.7 كجم/م2. وتم قياس محيط العضلة، والتقييم الأيزو كينيتك والأيزوميتريك باستخدام مازورة القياس، والديناموميتر على الترتيب. النتائج: توجد فروق ذات دلالة إحصائية بين الناحية المتأثرة لمرضى خشونة الركبة بالمقارنة مع الضابطين المتطوعين الأصحاء المتطابقين مع أعمارهم في جميع المتغيرات التابعة ماعدا محيط العضلة والعمل الكلي الأيزوكينيتك متحد المركز. الاستنتاج: لا توجد أي اختلافات معتبرة في متغيرات محيط العضلة والعمل الكلي الأيزوكينيتك متحد المركز بينما توجد اختلافات معتبرة في متغيرات عزم الدوران الأقصى الأيزوكينتك متحد المركز، عزم الدوران الأقصى الأيزوكينتك متشتت المركز، العمل الكلي الأيزوكينيتك متشتت المركز، معدل القوة الأيزوكينتك متحد المركز، معدل القوة الأيزوكينتك متشتت المركز، وعزم الدوران الأقصى الأيزوميتريك بين عضلة السمانة في الناحية المتأثرة لمرضى خشونة الركبة بالمقارنة مع الضابطين المتطوعين الأصحاء المتطابقين مع أعمارهم
530 _aIssues also as CD.
546 _aText in English and abstract in Arabic & English.
650 0 _aPhysical Therapy
650 0 _aالعلاج الطبيعي
653 1 _aCalf Muscle
_aIsokinetic
_aIsometric
_aKnee Osteoarthritis
_aMuscle Girth
_aخشونة الركبة
_aعضلة السمانة
700 0 _aNadia Abd Elazeem Fayaz
_ethesis advisor.
700 0 _aNasr Awad Abdelkader
_ethesis advisor.
700 0 _aDina Sayed Abd Allah
_ethesis advisor.
900 _b01-01-2025
_cNadia Abd Elazeem Fayaz
_cNasr Awad Abdelkader
_cDina Sayed Abd Allah
_UCairo University
_FFaculty of Physical Therapy
_DDepartment of Physical Therapy for Musculoskeletal Disorders and its Surgery
905 _aShimaa
942 _2ddc
_cTH
_e21
_n0
999 _c179679